The Design Thinking in the Digital Age Incidents (Record no. 370697)

MARC details
000 -LEADER
fixed length control field 00483nam a22001697a 4500
005 - DATE AND TIME OF LATEST TRANSACTION
control field 20260311115018.0
008 - FIXED-LENGTH DATA ELEMENTS--GENERAL INFORMATION
fixed length control field 260311b |||||||| |||| 00| 0 eng d
020 ## - INTERNATIONAL STANDARD BOOK NUMBER
International Standard Book Number 9783956793776
041 ## - LANGUAGE CODE
Language code of text/sound track or separate title Eng.
082 ## - DEWEY DECIMAL CLASSIFICATION NUMBER
Classification number 720.28
Item number ROW.
100 ## - MAIN ENTRY--PERSONAL NAME
Author Rowe P.G.
245 ## - TITLE STATEMENT
Title The Design Thinking in the Digital Age Incidents
260 ## - PUBLICATION, DISTRIBUTION, ETC.
Place of publication, distribution, etc. USA
Name of publisher, distributor, etc. Harvard University Graduate School of Design
Date of publication, distribution, etc. 2017
300 ## - PHYSICAL DESCRIPTION
Extent 102p
Other physical details PB
Dimensions 21 x 13.5 cm
365 ## - TRADE PRICE
Price type code INR
Price amount 1.00
Currency code Rupaye
942 ## - ADDED ENTRY ELEMENTS (KOHA)
Koha item type Donated Book
Holdings
Withdrawn status Lost status Source of classification or shelving scheme Damaged status Not for loan Home library Current library Date acquired Vendor Net Price Bill number Total Checkouts Full call number Barcode Date last seen Actual Price Bill Date Koha item type
    Dewey Decimal Classification     Dr. Bhanuben Nanavati College of Architecture Dr. Bhanuben Nanavati College of Architecture 11/03/2026 Donated Books 1.00 00   720.28 ROW. BNCA-DB-2056 11/03/2026 1.00 11/03/2026 Donated Book